'Verts : or, The three creeds. /

Bibliographic Details
Main Author: Davies, Charles Maurice, 1828-1910
Format: Book
Language:English
Published: New York : Garland Pub., 1975.
Series:Victorian fiction--novels of faith and doubt.

MARC

Tag First Indicator Second Indicator Subfields
LEADER 00000cam a22000008i 4500
001 in00000477921
005 20151013050751.0
008 750421r19751876nyu 00011 eng
010 |a  75001506  
020 |a 0824015800 
035 |a (OCoLC)01341337 
035 |9 ACA6023AM 
040 |a DLC  |c DLC  |d TXA  |d UtOrBLW 
049 |a TXAM  |c [1392057] 
050 0 0 |a PZ3.D28892  |b Ve4  |a PR4525.D525 
082 0 |a 823/.8 
100 1 |a Davies, Charles Maurice,  |d 1828-1910. 
245 1 0 |a 'Verts :  |b or, The three creeds. /  |c by Maurice Davies. 
264 1 |a New York :  |b Garland Pub.,  |c 1975. 
300 |a 291, 292, 298 pages ;  |c 19 cm. 
336 |a text  |b txt  |2 rdacontent 
337 |a unmediated  |b n  |2 rdamedia 
338 |a volume  |b nc  |2 rdacarrier 
490 1 |a Victorian fiction : Novels of faith and doubt 
500 |a Reprint of the 1876 edition published by Tinsley Bros., London. 
830 0 |a Victorian fiction--novels of faith and doubt. 
999 |a MARS 
999 f f |s 9426b6ee-acf4-3033-874a-aa28d1f902ab  |i cb3ba4ba-b74a-3f34-8dc9-0e4d2af37186  |t 0 
952 f f |p ric  |a Texas A&M University  |b Rellis Campus  |c Joint Library Facility  |d Remote Storage  |t 0  |e PZ3.D28892 Ve4  |h Library of Congress classification  |i unmediated -- volume  |m A14804217591 
998 f f |a PZ3.D28892 Ve4  |t 0  |l Remote Storage